00334nam a2200121 450000500170000002000180001708200170003508400250005210000200007724500720009726000330016930000100020220260216112453.0 a9781032581187 a172.2bXIA.J 2Colon Classification aXiaomeng, Zhang aJustice of marxism :bDebate, dialogue and defensecXiaomeng, Zhang aNewyork :bRoutledge,c2024. a226p.